Normal view MARC view
  • Supervised by Dr. Tahir Habib Nawaz

Entry Corporate Name

Number of records used in: 1

001 - CONTROL NUMBER

  • control field: 113539

003 - CONTROL NUMBER IDENTIFIER

  • control field: NUST

005 - DATE AND TIME OF LATEST TRANSACTION

  • control field: 20230711144653.0

008 - FIXED-LENGTH DATA ELEMENTS

  • fixed length control field: 230711|| aca||aabn | a|a d

040 ## - CATALOGING SOURCE

  • Original cataloging agency: NUST
  • Transcribing agency: NUST

110 ## - HEADING--CORPORATE NAME

  • Corporate name or jurisdiction name as entry element: Supervised by Dr. Tahir Habib Nawaz

670 ## - SOURCE DATA FOUND

  • Source citation: Work cat.: (NUST): Sohaib Mustafa Saeed 113538, TH-SOF-2162-Action Recognition using Aerial Videos for Surveillance Scenarios, 2023.
© 2023 Central Library, National University of Sciences and Technology. All Rights Reserved.